02759nam a2200421Ii 450000100060000000300080000600500170001400600190003100700150005000800410006502000330010602000270013903500230016604000310018904300120022005000220023208000120025408200200026624502210028626400440050730000500055133600310060133700330063233800430066550400420070852008450075058800830159565000360167865000570171465000570177165500270182870000430185570000520189870000470195071001030199777601740210085600630227436817FINmELB20241216221441.0m o u cr cn|||||||||230101s2017 ck a ob 000 0 spa d a9789587252149qelectrónico z9789587252132qimpreso a(OCoLC) 1198352759 aFINmELBbspaerdacFINmELB as-ck---14aND373b.H677 2017 a7.034.704a759.986107422300aHorror vacui :buna colección de pintura barroca : catálogo de exposición : Ago 17-Sep 22 de 2017 /ccuraduría, Paula Jimena Matiz López, María Constanza Villalobos Acosta, Juan Francisco Hernández Roa. 1a[Bogotá] :bEditorial Utadeo,c[2017] a1 recurso en línea :bilustraciones a color atextobtxt2rdacontent/spa acomputadorabc2rdamedia/spa arecurso en líneabcr2rdacarrier/spa aIncluye referencias bibliográficas. aA collection of baroque paintings made for religious spaces such as the Monastery of Saint Ines of Montepulciano. Among these, a colonial painting "Eterno lo que atormenta, momentáneo lo que deleita" (Eternal what torments, momentary what delights), used in the meditation about death in the novitiate of this same monastery. There are also unpublished works within the category of portraits of dead nuns like the painting La exhumación de sor María Gertrudis Teresa de Santa Inés and the inclusion of several works in the life of Santa Inés, among them, the overdoor (or "supraporte") 18th century series Visión del infierno. Works from the secular world include different Marian, saints and eschatological themes. The catalogue comprises all the works present in the exhibition, all exhibited for the first time to the public. aDescripción basada en metadatos suministrados por el editor y otras fuentes. 4aPintura, BarrocovExposiciones. 4aPintura, ColonialzColombiaxHistoriavExposiciones. 4aArte y simbolismo cristianozColombiavExposiciones. 4aLibros electrónicos.1 aMatiz López, Paula Jimena,ecurador.1 aVillalobos Acosta, María Constanza,ecurador.1 aHernández Roa, Juan Francisco,ecurador.2 aUniversidad de Bogotá "Jorge Tadeo Lozano."bMuseo de Artes Visuales,einstitución anfitriona.08iVersión impresa:tHorror vacui.d[Bogotá] : Editorial UTADEO, Universidad de Bogotá Jorge Tadeo Lozano, [2017]z9789587252132w(DLC) 2018406504w(OCoLC)103927297540uhttps://elibro.net/ereader/politecnicointernacional/220921